| 000 | 00455nam a2200181Ia 4500 | ||
|---|---|---|---|
| 005 | 20250423101527.0 | ||
| 008 | 250422s9999 xx 000 0 und d | ||
| 020 | _a0 435 90802 2 | ||
| 050 | _aPR 9387.9 .A3 T5/ | ||
| 100 | _aAchebe, Chinua | ||
| 245 | 0 | _aThings fall apart : with an introduction by Aigboje Higo | |
| 260 | _aLondon | ||
| 260 | _bHeinemann Educational | ||
| 260 | _c1987 | ||
| 300 | _a152 p | ||
| 650 | _aLiterature | ||
| 942 | _cBK | ||
| 999 |
_c36550 _d36550 |
||